000 00405pam a2200157a 44500
008 230515b2020 xxu||||| |||| 00| 0 eng d
020 _aNULL
041 _aENGLISH
082 _a611
100 _aSONTAKKE YOGESH
245 _aTEXT BOOK OF HUMAN EMBRYOLOGY WITH CLINICAL & 3D ILLUSTION
250 _a2020
260 _a
_bCBS PUBLISHER AND DISTRIBUTORS
_c2020
300 _aIII/320
650 _aNULL
999 _c557066
_d557066